01123nabaa22002057a 4500999001500000003000400015005001700019008004100036040000700077100003300084245016900117300001300286500003700299505027900336505008900615650003200704650004200736773012600778942001300904 c6310d6310OSt20260130184329.0190701b xxu||||| |||| 00| 0 spa d cPJ 96286aDuizeide, Santiago G. 13aLos límites en los decretos de necesidad y urgencia :buna mirada sobre la necesidad y la urgencia. ¿Todo vale en pos de dichos conceptos? /cSantiago Duizeide.  ap. 18-24 aCita: TR LALEY AR/DOC/2043/2025  aSumario: I. Introducción.— II. Concepto del DNU y su tratamiento en otros países.— III. Los DNU antes y después de la reforma de la Constitución. Un poco de historia.— IV. La sanción de la ley 26.122. Una suerte de "límite" a los DNU. — V. Conclusión.  t¿Te interesa el texto completo? Comunicate al correo: koha@justierradelfuego.gov.ar 09211aDERECHO ADMINISTRATIVO 09200aDECRETOS DE NECESIDAD Y URGENCIA0 0284293251dBuenos Aires : AbeledoPerrot, 2012-oDA121tDerecho administrativo. Nº 161 septiembre/octubre 2025z18510590 2udccANA